000 00476nam a2200169 i 4500
001 142664
003 ES-MaACL
005 20230906200604.0
007 t|
008 071009s1969 sp ||||1| spa d
100 1 _aVian, Boris.
_9114276
245 1 3 _aLa hierba roja /
_cBoris Vian ; [traducción de Domingo Santos].
260 _aMadrid :
_bPomaire,
_c[1969]
300 _a180 p. ;
_c20 cm.
700 1 _aSantos, Domingo.
_9103468
852 _aES-MaACL
_jC-40005
_bR.69870
999 _c142664
_d142664